Wypisz wszystkie państwa, które leżą nad morzem.... Arabskim - Statystyki

Ogólne statystyki
  • Ten quiz został rozwiązany 170 razy
  • Średni wynik to 5 z 7
Statystyki odpowiedzi
Państwo % Poprawnych
Oman
91%
Jemen
89%
Iran
85%
Indie
82%
Pakistan
79%
Somalia
65%
Malediwy
53%
Nie znaleziono quizów pasujących do podanych kryteriów
Rozkład punktacji
Procent ludzi z każdym wynikiem
Percentyl według liczby udzielonych odpowiedzi
Twoja historia wyników
Nie rozwiązałeś tego quizu